| 000 -LEADER |
| fixed length control field |
01548pab a2200181 454500 |
| 008 - FIXED-LENGTH DATA ELEMENTS--GENERAL INFORMATION |
| fixed length control field |
180718b2002 xxu||||| |||| 00| 0 eng d |
| 100 ## - MAIN ENTRY--PERSONAL NAME |
| Personal name |
Kurtz, Marcus J. |
| 245 ## - TITLE STATEMENT |
| Title |
The political foundations of post-communist regimes: marketization, agrarian legacies, or international influences |
| 260 ## - PUBLICATION, DISTRIBUTION, ETC. |
| Date of publication, distribution, etc. |
2002 |
| 300 ## - PHYSICAL DESCRIPTION |
| Extent |
p.524-53. |
| 362 ## - DATES OF PUBLICATION AND/OR SEQUENTIAL DESIGNATION |
| Dates of publication and/or sequential designation |
Jun |
| 520 ## - SUMMARY, ETC. |
| Summary, etc. |
This article explores the causes of differing post-communist regime transitions thesis that economic liberalization promotes political democratization. We explore this argument in light of findings from other regions that have emphasized modernization, agrarian class structure, and international influences. Our results are based on a multilevel design strategy, first analyzing data on 26 post-communist countries over a 7-to 9- year period using time-series/cross-sectional methods and then turning to a comparative analysis of four purposively selected cases to explore the casual mechanisms implied but not tested in the quantitative analysis. Our results suggest that faith in economic liberalization as a cause of democratization may be misplaced. However, there is support for the notion that large agrarian sectors are unfavourable to democratic development, whereas positive democratic conditionally from outside agents can play an important role in transition dynamics. - Reproduced. |
| 650 ## - SUBJECT ADDED ENTRY--TOPICAL TERM |
| Topical term or geographic name entry element |
Eastern Europe - Politics and government |
| 650 ## - SUBJECT ADDED ENTRY--TOPICAL TERM |
| Topical term or geographic name entry element |
Politics and government |
| 700 ## - ADDED ENTRY--PERSONAL NAME |
| Personal name |
Barnes, Andrew |
| 773 ## - HOST ITEM ENTRY |
| Main entry heading |
Comparative Political Studies |
| 909 ## - |
| -- |
53019 |